01467pab a2200193 454500008004000000100002600040245006000066260000900126300001300135362001100148520089100159650002801050650002001078773003401098908000601132909001001138999001701148952010801165180718b2007 xxu||||| |||| 00| 0 eng d aBalakrishnan, Pulapre aThe recovery of India: economic growth in the Nehru era c2007 ap.52-66. a17 Nov aThis paper investigates the relationship between the policy regime and growth during 1950-64, termed here "the Nehru era". While there exist valuable early appraisals of the period, access to new data and fresh information allows for a longer and more comparative view of the outcome. We find overwhelming evidence not only of resurgent growth, but also of a lasting transformation of a stagnant colonial enclave into an economy capable of sustained growth. It is useful to recognise the economic policy of this period as distinct, not only from what preceded it but also from what came after, for it facilitates an understanding of the political conditions needed for economic interventions that are growth inducing. The paper also addresses some lingering perceptions of policy of the time, notably its impact on agriculture and the governance of the public enterprises. - Reproduced. aEconomic growth - India aEconomic growth aEconomic and Political Weekly aN a76461 c76461d76461 00104070aIIPAbIIPAd2018-07-19hVolume no: 42, Issue no: 45-46pAR76921r2018-07-19w2018-07-19yAR